[Event "26th EUR-ch"]
[Site "Katowice POL"]
[Date "2026.04.12"]
[Round "5.205"]
[White "Sertbay, Huseyin"]
[Black "Destic, Elena"]
[Result "0-1"]
[WhiteElo "2171"]
[BlackElo "1954"]
[EventDate "2026.04.07"]
[PlyCount "92"]

1.d4 c6 2.c4 d5 3.Nf3 Nf6 4.Nbd2 e6 5.Qc2 Nbd7 6.g3 Be7 7.Bg2 O-O 8.O-O b6
9.e4 dxe4 10.Nxe4 Bb7 11.Rd1 Qc8 12.Nxf6+ Nxf6 13.c5 Rd8 14.Bf4 h6 15.Ne5 
bxc5 16.dxc5 Rxd1+ 17.Rxd1 Nd5 18.Bc1 Qc7 19.Nd3 a5 20.a3 a4 21.Re1 Qa5 
22.Bd2 Qb5 23.Be4 Ba6 24.Ne5 Bf6 25.Bh7+ Kf8 26.Bd3 Qb7 27.Bxa6 Rxa6 28.
Nc4 Kg8 29.Bc1 Qa7 30.Nd6 Ra5 31.b4 axb3 32.Qxb3 Rxc5 33.Ne4 Rb5 34.Qf3 
Bd4 35.Kg2 Qe7 36.a4 Ra5 37.Qb3 Nf6 38.Qb8+ Qf8 39.Qf4 Rf5 40.Nxf6+ Bxf6 
41.Qc7 Qb4 42.Re2 Qc4 43.Re1 Qd5+ 44.Kg1 Bd4 45.Bf4 g5 46.Qb8+ Kg7 0-1

[Event "26th EUR-ch"]
[Site "Katowice POL"]
[Date "2026.04.12"]
[Round "5.206"]
[White "Pavlidou, Ekaterini"]
[Black "Ivanauskas, Deividas"]
[Result "1/2-1/2"]
[WhiteElo "2166"]
[BlackElo "1883"]
[EventDate "2026.04.07"]
[PlyCount "88"]

1.d4 d5 2.Bf4 Nf6 3.e3 c5 4.c3 Nc6 5.Nd2 Bf5 6.h3 e6 7.Ngf3 cxd4 8.exd4 
Bd6 9.Bxd6 Qxd6 10.Bb5 O-O 11.O-O Nd7 12.Re1 a6 13.Bxc6 Qxc6 14.Ne5 Nxe5 
15.Rxe5 a5 16.a4 Rfc8 17.Re3 Qb6 18.Ra2 Rc6 19.g4 Bg6 20.h4 h6 21.h5 Bh7 
22.f4 Rac8 23.Nf3 Qc7 24.Ne5 Rb6 25.g5 Bf5 26.Rg3 hxg5 27.fxg5 g6 28.b3 
Kg7 29.Rh2 Rh8 30.hxg6 Rxh2 31.Kxh2 fxg6 32.c4 Rd6 33.c5 Rd8 34.Kg1 Rh8 
35.Rg2 Qe7 36.Qd2 Be4 37.Rh2 Rxh2 38.Kxh2 Qf8 39.Kg1 Qh8 40.Qf4 Qh1+ 41.
Kf2 Qg2+ 42.Ke1 Qg1+ 43.Ke2 Qg2+ 44.Ke1 Qg1+ 1/2-1/2

[Event "26th EUR-ch"]
[Site "Katowice POL"]
[Date "2026.04.12"]
[Round "5.207"]
[White "Karut, Kacper"]
[Black "Kaplanova, Dominika"]
[Result "0-1"]
[WhiteElo "2159"]
[BlackElo "1869"]
[EventDate "2026.04.07"]
[PlyCount "50"]

1.e4 e5 2.Nf3 Nf6 3.d4 Nxe4 4.Bd3 Nc6 5.O-O d5 6.dxe5 Bg4 7.Bf4 Bc5 8.c3 
O-O 9.Qe2 g5 10.Be3 Nxe5 11.Bxe4 dxe4 12.Bxc5 Re8 13.Qd2 exf3 14.g3 Qf6 
15.Be3 h6 16.Na3 Qg6 17.Bd4 Qh5 18.Kh1 Bh3 19.Bxe5 Bg2+ 20.Kg1 Qh3 21.Nc4 
Bxf1 22.Ne3 Rxe5 23.Rxf1 g4 24.Qd4 Rxe3 25.Qxe3 Qg2# 0-1

[Event "26th EUR-ch"]
[Site "Katowice POL"]
[Date "2026.04.12"]
[Round "5.208"]
[White "Konopka, Jeremie"]
[Black "Helis, Tadeusz"]
[Result "1-0"]
[WhiteElo "1930"]
[BlackElo "2141"]
[EventDate "2026.04.07"]
[PlyCount "67"]

1.e4 c5 2.Nf3 Nc6 3.d4 cxd4 4.Nxd4 Nf6 5.Nc3 d6 6.Be2 g6 7.Be3 Bg7 8.h3 
O-O 9.Qd2 a6 10.O-O-O Nxd4 11.Bxd4 Be6 12.Bf3 Rc8 13.Kb1 Rc4 14.Qe3 b5 15.
b3 Rc8 16.Ne2 Qc7 17.Rd2 Nd7 18.Bxg7 Kxg7 19.Nd4 Qc3 20.Rd3 Qc5 21.Bg4 Qe5
22.f4 Qf6 23.e5 Qh4 24.g3 Qh6 25.Nxe6+ fxe6 26.Bxe6 Rc7 27.exd6 exd6 28.
Qd4+ Nf6 29.Qxd6 Rb7 30.g4 g5 31.Qe5 Re7 32.fxg5 Qg6 33.gxf6+ Rxf6 34.g5 
1-0

[Event "26th EUR-ch"]
[Site "Katowice POL"]
[Date "2026.04.12"]
[Round "5.209"]
[White "Zadrapova, Amalie"]
[Black "Zelak, Wladyslaw"]
[Result "1-0"]
[WhiteElo "2139"]
[BlackElo "1866"]
[EventDate "2026.04.07"]
[PlyCount "83"]

1.c4 Nf6 2.g3 g6 3.Bg2 Bg7 4.Nc3 O-O 5.Nf3 d6 6.O-O c6 7.d3 d5 8.cxd5 cxd5
9.d4 Nc6 10.Ne5 e6 11.Nxc6 bxc6 12.h3 Nd7 13.Be3 e5 14.dxe5 Nxe5 15.Bd4 
Rb8 16.b3 Qa5 17.Na4 Ba6 18.Rc1 Rfe8 19.Bc3 Qb5 20.Re1 Rbd8 21.Qd2 Nd7 22.
Bxg7 Kxg7 23.Bf1 Qb7 24.Nc5 Nxc5 25.Rxc5 Re6 26.Bg2 Kg8 27.e3 Red6 28.Qd4 
Qb6 29.Rec1 Bc8 30.b4 Be6 31.a4 Bd7 32.Bf1 Re6 33.Bd3 Rb8 34.b5 Rc8 35.Qc3
Qb7 36.a5 Rd6 37.Bf1 Be8 38.h4 f5 39.Qe5 Qd7 40.Bg2 Re6 41.bxc6 Qf7 42.
Bxd5 1-0

[Event "26th EUR-ch"]
[Site "Katowice POL"]
[Date "2026.04.12"]
[Round "5.210"]
[White "Paprocki, Jaroslaw"]
[Black "Pietrzak, Wojciech"]
[Result "0-1"]
[WhiteElo "2136"]
[BlackElo "1854"]
[EventDate "2026.04.07"]
[PlyCount "102"]

1.e4 c5 2.Nf3 g6 3.d4 cxd4 4.Nxd4 Nc6 5.Nc3 Bg7 6.Be3 Nf6 7.Bc4 Qa5 8.O-O 
O-O 9.Nb3 Qc7 10.Be2 d6 11.f4 Qd7 12.h3 Qe6 13.Bf3 Nxe4 14.Nxe4 f5 15.Bxa7
fxe4 16.Bg4 Qc4 17.Be2 Qa4 18.Bb6 Bxb2 19.Rb1 Bf6 20.Qd5+ Kg7 21.Bb5 e6 
22.Bxc6 Qxc6 23.Qxc6 bxc6 24.Bc7 d5 25.Bd6 Rf7 26.a3 Ba6 27.Rfd1 Rb7 28.
Bb4 Kf7 29.Nc5 Rba7 30.Kf2 Bc4 31.c3 g5 32.g3 gxf4 33.gxf4 Bh4+ 34.Ke3 Rg8
35.Rg1 Bg3 36.a4 Kf6 37.Kd2 Bxf4+ 38.Kc2 Rag7 39.Nd7+ Kf5 40.Rg4 Bd3+ 41.
Kb2 Bxb1 42.Kxb1 Rxg4 43.hxg4+ Rxg4 44.a5 Rg7 45.Nc5 h5 46.a6 h4 47.Nb3 
Be3 48.c4 Ra7 49.Be1 h3 50.Bg3 Rxa6 51.c5 Ra3 0-1

[Event "26th EUR-ch"]
[Site "Katowice POL"]
[Date "2026.04.12"]
[Round "5.211"]
[White "Madrawski, Krzysztof"]
[Black "Zieba, Franciszek"]
[Result "1/2-1/2"]
[WhiteElo "2132"]
[BlackElo "1846"]
[EventDate "2026.04.07"]
[PlyCount "31"]

1.e4 e5 2.Nf3 Nc6 3.Bb5 a6 4.Ba4 Nf6 5.d3 b5 6.Bb3 Be7 7.Nc3 d6 8.a4 b4 9.
Nd5 Bg4 10.Nxf6+ Bxf6 11.Bd5 Qd7 12.Be3 Rb8 13.Bc4 Ra8 14.Bd5 Rb8 15.Bc4 
Ra8 16.Bd5 1/2-1/2

[Event "26th EUR-ch"]
[Site "Katowice POL"]
[Date "2026.04.12"]
[Round "5.212"]
[White "Galazka, Aleksander"]
[Black "Rajbharath, Harjith"]
[Result "1-0"]
[WhiteElo "1913"]
[BlackElo "2132"]
[EventDate "2026.04.07"]
[PlyCount "81"]

1.e4 c6 2.Nc3 d5 3.f4 dxe4 4.Nxe4 Nf6 5.Nxf6+ exf6 6.Bc4 Be7 7.Nf3 O-O 8.
O-O a5 9.d4 Na6 10.c3 Nc7 11.Bd3 f5 12.Ne5 c5 13.Qh5 g6 14.Qh6 Bf6 15.dxc5
Ne6 16.Bc2 Nxc5 17.Be3 Qc7 18.Rf3 Bg7 19.Qh4 Be6 20.Rh3 h5 21.Bd4 a4 22.
Rg3 Kh7 23.Rg5 Bh6 24.Rxh5 gxh5 25.Qxh5 Ne4 26.Bxe4 fxe4 27.f5 Bxf5 28.
Qxf5+ Kg8 29.Ng4 f6 30.Nxh6+ Kg7 31.Qg5+ Kh7 32.Qh5 Ra6 33.Nf5+ Kg8 34.
Nh6+ Kg7 35.Rf1 Rh8 36.Qg5+ Kh7 37.Bxf6 Rf8 38.Qf5+ Kxh6 39.Qg5+ Kh7 40.
Qh5+ Kg8 41.Qg6+ 1-0

[Event "26th EUR-ch"]
[Site "Katowice POL"]
[Date "2026.04.12"]
[Round "5.213"]
[White "Atienza Alvarez, Javier"]
[Black "Karpov, Vladyslav"]
[Result "0-1"]
[WhiteElo "2126"]
[BlackElo "1828"]
[EventDate "2026.04.07"]
[PlyCount "80"]

1.d4 Nf6 2.c4 g6 3.Nc3 d5 4.cxd5 Nxd5 5.e4 Nxc3 6.bxc3 Bg7 7.Nf3 c5 8.Bb5+
Bd7 9.Bxd7+ Qxd7 10.O-O O-O 11.Be3 cxd4 12.cxd4 Nc6 13.Qd2 Rfd8 14.d5 Qg4 
15.Qc2 Nb4 16.Qc5 Bxa1 17.Qxb4 Bf6 18.h3 Qd7 19.e5 Bg7 20.Rd1 a5 21.Qh4 
Qb5 22.Qe4 Rac8 23.Rd4 Qe2 24.Ng5 Qc2 25.Qh4 h6 26.Nf3 Qb1+ 27.Kh2 g5 28.
Qg4 Qg6 29.h4 f5 30.exf6 Bxf6 31.hxg5 Bxd4 32.Bxd4 hxg5 33.Bb2 Rc2 34.Be5 
Rxd5 35.Kg3 b5 36.a3 Rc4 37.Qh3 Rxe5 38.Nxe5 Rc3+ 39.f3 Qd6 40.Qf5 Qf6 0-1

[Event "26th EUR-ch"]
[Site "Katowice POL"]
[Date "2026.04.12"]
[Round "5.214"]
[White "Podgorski, Maciej"]
[Black "Wesolowski, Jeremi"]
[Result "1/2-1/2"]
[WhiteElo "2113"]
[BlackElo "1828"]
[EventDate "2026.04.07"]
[PlyCount "85"]

1.d4 d5 2.c4 e6 3.Nf3 Nf6 4.g3 Be7 5.Bg2 O-O 6.O-O Nbd7 7.Qc2 b6 8.cxd5 
Nxd5 9.e4 Nb4 10.Qb3 Bb7 11.a3 Na6 12.Nc3 Nf6 13.Qc2 c5 14.Rd1 cxd4 15.
Rxd4 Qc8 16.e5 Nd5 17.Ng5 g6 18.Bxd5 exd5 19.Qe2 Nc5 20.Qd1 Qf5 21.Nf3 Ne6
22.g4 Qxf3 23.Qxf3 Nxd4 24.Qd1 Ne6 25.Nxd5 Rfd8 26.Nxe7+ Kf8 27.Qa4 Rd4 
28.Bh6+ Kxe7 29.Qb5 Rxg4+ 30.Kf1 Nc7 31.Qb3 Ba6+ 32.Ke1 Rg1+ 33.Kd2 Rxa1 
34.Qb4+ Kd7 35.Qd6+ Kc8 36.e6 Nxe6 37.Qc6+ Kb8 38.Qd7 Bc8 39.Qd6+ Kb7 40.
Qd5+ Kb8 41.Qd6+ Kb7 42.Qd5+ Kb8 43.Qd3 1/2-1/2

[Event "26th EUR-ch"]
[Site "Katowice POL"]
[Date "2026.04.12"]
[Round "5.215"]
[White "Spanos, Nomikos"]
[Black "Flak, Pawel"]
[Result "0-1"]
[WhiteElo "1885"]
[BlackElo "2111"]
[EventDate "2026.04.07"]
[PlyCount "90"]

1.d4 Nf6 2.Nc3 b6 3.e4 Bb7 4.e5 Ng8 5.f4 e6 6.Nf3 d5 7.Be2 Ba6 8.O-O Bxe2 
9.Qxe2 Ne7 10.Be3 Nf5 11.g4 Nxe3 12.Qxe3 Be7 13.f5 Nc6 14.Ne2 Kd7 15.b3 h5
16.h3 Nb4 17.Qd2 hxg4 18.hxg4 c6 19.a3 Na6 20.c4 Nc7 21.Kg2 Kc8 22.Qc2 Kb7
23.c5 bxc5 24.dxc5 f6 25.Ned4 exf5 26.Nxf5 Ne6 27.Nd6+ Bxd6 28.exd6 Qd7 
29.Qd2 Rae8 30.Rae1 Ka8 31.b4 g5 32.Rh1 Nf4+ 33.Kg3 Rxh1 34.Rxh1 Re2 35.
Re1 Rxd2 36.Nxd2 Ne6 37.a4 a5 38.Nb3 axb4 39.Kf3 Nxc5 40.Nxc5 Qxd6 41.Re8+
Ka7 42.Nd3 c5 43.a5 c4 44.Nb2 Qf4+ 45.Ke2 Qh2+ 0-1

[Event "26th EUR-ch"]
[Site "Katowice POL"]
[Date "2026.04.12"]
[Round "5.216"]
[White "Palamarchuk, Andriy"]
[Black "Was, Stanislaw"]
[Result "1-0"]
[WhiteElo "2110"]
[BlackElo "1806"]
[EventDate "2026.04.07"]
[PlyCount "57"]

1.e4 e5 2.Be2 Bc5 3.Nf3 Nc6 4.d3 d6 5.c3 Nf6 6.O-O Bb6 7.h3 Be6 8.Re1 d5 
9.Nbd2 dxe4 10.dxe4 Qe7 11.b4 O-O 12.a4 a5 13.b5 Nb8 14.Bc4 Re8 15.Ba3 Bc5
16.Bxe6 Bxa3 17.Bxf7+ Qxf7 18.Rxa3 Qg6 19.b6 cxb6 20.Qb3+ Kh8 21.Nc4 Nbd7 
22.Nxb6 Rad8 23.Nxd7 Rxd7 24.Qb5 Rde7 25.c4 Nxe4 26.Rae3 Nd6 27.Nxe5 Qf5 
28.Qd5 Qf6 29.c5 1-0

[Event "26th EUR-ch"]
[Site "Katowice POL"]
[Date "2026.04.12"]
[Round "5.217"]
[White "Trybus, Dominika"]
[Black "Bochniak, Franciszek"]
[Result "0-1"]
[WhiteElo "1841"]
[BlackElo "2107"]
[EventDate "2026.04.07"]
[PlyCount "52"]

1.e4 e5 2.Nf3 Nc6 3.Bb5 a6 4.Bxc6 dxc6 5.O-O Ne7 6.Nc3 Ng6 7.h3 Bc5 8.d3 
Qe7 9.Be3 Be6 10.a3 O-O-O 11.b4 Bxe3 12.fxe3 Nh4 13.Nxh4 Qxh4 14.a4 Bxh3 
15.Rxf7 Be6 16.Rf1 h5 17.Qe1 Qg5 18.b5 Rh6 19.bxc6 bxc6 20.Rf2 h4 21.Kf1 
Qh5 22.Qd1 Bg4 23.Ne2 h3 24.gxh3 Qxh3+ 25.Ke1 Qxe3 26.Rf1 Rh2 0-1

[Event "26th EUR-ch"]
[Site "Katowice POL"]
[Date "2026.04.12"]
[Round "5.218"]
[White "Biela, Jan"]
[Black "Triger, Eitan"]
[Result "1/2-1/2"]
[WhiteElo "1805"]
[BlackElo "2095"]
[EventDate "2026.04.07"]
[PlyCount "119"]

1.d4 Nf6 2.c4 c6 3.Nc3 d5 4.e3 e6 5.Nf3 Nbd7 6.Bd3 dxc4 7.Bxc4 b5 8.Bd3 
Bb7 9.O-O a6 10.b3 c5 11.Bb2 Be7 12.Ne5 O-O 13.Be2 cxd4 14.exd4 Nb6 15.Bf3
Nbd5 16.Nxd5 Bxd5 17.Nc6 Qd6 18.Nxe7+ Qxe7 19.Bxd5 Nxd5 20.Qf3 Rac8 21.
Rac1 Qg5 22.Qe2 Qg6 23.Qd2 b4 24.Rc4 a5 25.Rfc1 Ra8 26.a4 h6 27.f3 Rfd8 
28.Re1 Rd6 29.Qc2 Qxc2 30.Rxc2 Nf4 31.Re3 Rad8 32.g3 Nd5 33.Re1 Ne7 34.Rc5
Rd5 35.Rxd5 Rxd5 36.Re5 Kf8 37.Kf2 Ke8 38.Ke3 Kd7 39.Rxd5+ Nxd5+ 40.Kd3 
Kc6 41.Bc1 g5 42.Bd2 f6 43.h4 Ne7 44.hxg5 hxg5 45.g4 Kd5 46.f4 gxf4 47.
Bxf4 Nc6 48.Bc7 Nxd4 49.Bxa5 Nxb3 50.Bxb4 Nc5+ 51.Bxc5 Kxc5 52.Kc3 e5 53.
a5 Kb5 54.a6 Kxa6 55.Kc4 Kb6 56.Kd5 Kc7 57.g5 fxg5 58.Kxe5 g4 59.Kf4 g3 
60.Kxg3 1/2-1/2

[Event "26th EUR-ch"]
[Site "Katowice POL"]
[Date "2026.04.12"]
[Round "5.219"]
[White "Gikas, Andreas Basilius"]
[Black "Zielinski, Marcin"]
[Result "1-0"]
[WhiteElo "2072"]
[BlackElo "1784"]
[EventDate "2026.04.07"]
[PlyCount "57"]

1.e4 c5 2.Nf3 e6 3.d4 cxd4 4.Nxd4 Nc6 5.Nc3 Qc7 6.Be2 a6 7.O-O b5 8.Nxc6 
Qxc6 9.e5 d5 10.exd6 Qxd6 11.Bf3 Rb8 12.Qe2 Bb7 13.Rd1 Bxf3 14.Qxf3 Qb6 
15.Be3 Qb7 16.Ne4 f5 17.Bf4 fxe4 18.Qh5+ g6 19.Qe5 Bg7 20.Qxe6+ Ne7 21.
Bxb8 Qxb8 22.Rd7 Bf8 23.Re1 Qf4 24.Red1 Qb8 25.Rxe7+ Bxe7 26.Rd7 Qd8 27.
Rxd8+ Kxd8 28.Qb6+ Kd7 29.Qd4+ 1-0

[Event "26th EUR-ch"]
[Site "Katowice POL"]
[Date "2026.04.12"]
[Round "5.220"]
[White "Ciupek, Oskar"]
[Black "Hertlein, Irena"]
[Result "0-1"]
[WhiteElo "1682"]
[BlackElo "2057"]
[EventDate "2026.04.07"]
[PlyCount "90"]

1.e4 c6 2.d4 d5 3.Nc3 dxe4 4.Nxe4 Nf6 5.Nxf6+ exf6 6.c3 Bd6 7.Bd3 O-O 8.
Ne2 Re8 9.O-O h5 10.h3 Nd7 11.Nf4 g6 12.Nxh5 gxh5 13.Qxh5 Nf8 14.Bh6 f5 
15.Rae1 Be6 16.f4 Qf6 17.Bg5 Qh8 18.Qf3 f6 19.a3 fxg5 20.fxg5 f4 21.g6 Qh4
22.c4 Kg7 23.d5 cxd5 24.cxd5 Bd7 25.Be4 Nxg6 26.Qb3 b6 27.Qc3+ Qf6 28.Qd2 
Rac8 29.b4 Rc4 30.Bxg6 Qxg6 31.Rxe8 Qxe8 32.Re1 Qg6 33.Qb2+ Qf6 34.Qe2 Rc8
35.Qa6 Qd4+ 36.Kh1 Qd2 37.Rg1 Rc1 38.Rf1 Rxf1+ 39.Qxf1 f3 40.Qa1+ Kf7 41.
Qf1 f2 42.g3 Qe1 43.Kg2 Bxh3+ 44.Kh2 Qxf1 45.b5 Qg2# 0-1

[Event "26th EUR-ch"]
[Site "Katowice POL"]
[Date "2026.04.12"]
[Round "5.221"]
[White "Korniichuk, Oleksandra"]
[Black "Demiroz, Alp"]
[Result "1-0"]
[WhiteElo "2055"]
[BlackElo "1762"]
[EventDate "2026.04.07"]
[PlyCount "139"]

1.Nf3 Nf6 2.b3 d5 3.Bb2 Bf5 4.d4 h6 5.e3 e6 6.Bd3 Bxd3 7.Qxd3 c6 8.Nbd2 
Nbd7 9.O-O Be7 10.Ne5 O-O 11.f4 Rc8 12.Kh1 c5 13.Nxd7 Nxd7 14.Rac1 f5 15.
c4 Nb6 16.Ba3 dxc4 17.Nxc4 Qd5 18.Nxb6 axb6 19.Bb2 Rfd8 20.h3 Bf6 21.Rfd1 
Rc6 22.Qe2 Rcd6 23.Re1 cxd4 24.exd4 Bxd4 25.Rcd1 Qc5 26.Rxd4 Rxd4 27.Bxd4 
Rxd4 28.Qxe6+ Kh7 29.Qe5 Qxe5 30.Rxe5 Rxf4 31.Rb5 Rd4 32.Rxb6 Rd7 33.a4 
Kg8 34.Kg1 Kf7 35.Kf2 Ke7 36.Ke3 Kd8 37.Kf4 Kc7 38.Rg6 Rf7 39.h4 b6 40.h5 
Rd7 41.Kxf5 Rd5+ 42.Kg4 Rd4+ 43.Kh3 Rd7 44.g3 Kb7 45.Kg2 Rf7 46.g4 Kc7 47.
Kg3 Kb7 48.b4 Kc7 49.a5 bxa5 50.bxa5 Kb7 51.a6+ Ka7 52.Re6 Rc7 53.Kf4 Rc4+
54.Kf5 Rc5+ 55.Kg6 Rg5+ 56.Kh7 Rxg4 57.Re7+ Kxa6 58.Rxg7 Rd4 59.Kxh6 Kb6 
60.Re7 Rh4 61.Rd7 Kc6 62.Rd3 Rg4 63.Kh7 Re4 64.h6 Re7+ 65.Kg6 Re6+ 66.Kg7 
Re7+ 67.Kf6 Rh7 68.Rh3 Kd6 69.Kg6 Rh8 70.h7 1-0

[Event "26th EUR-ch"]
[Site "Katowice POL"]
[Date "2026.04.12"]
[Round "5.222"]
[White "Omarsson, Josef"]
[Black "Krzeszewski, Filip"]
[Result "1-0"]
[WhiteElo "2045"]
[BlackElo "1759"]
[EventDate "2026.04.07"]
[PlyCount "49"]

1.d4 Nf6 2.c4 g6 3.Nc3 d5 4.cxd5 Nxd5 5.Bd2 Bg7 6.e4 Nxc3 7.Bxc3 c5 8.d5 
Bxc3+ 9.bxc3 Qa5 10.Qd2 O-O 11.Nf3 Rd8 12.Rc1 Kg7 13.h4 h5 14.Qf4 Qb6 15.
Bc4 Qf6 16.Qe3 Bg4 17.Ng5 Nd7 18.Bb3 Nb6 19.e5 Qf5 20.c4 Qc8 21.f3 Bf5 22.
O-O f6 23.exf6+ exf6 24.Qe7+ Kg8 25.Qf7+ 1-0

[Event "26th EUR-ch"]
[Site "Katowice POL"]
[Date "2026.04.12"]
[Round "5.223"]
[White "Wolynski, Antoni"]
[Black "Stan, Andrei-Mihaita"]
[Result "0-1"]
[WhiteElo "1669"]
[BlackElo "2038"]
[EventDate "2026.04.07"]
[PlyCount "60"]

1.e4 c5 2.Nf3 e6 3.d4 cxd4 4.Nxd4 a6 5.Nc3 Qc7 6.a3 Nf6 7.Be3 Nc6 8.Be2 b5
9.O-O Bb7 10.f4 Bc5 11.e5 Qb6 12.exf6 Nxd4 13.Bxd4 Bxd4+ 14.Kh1 Bxf6 15.
Bf3 d5 16.Re1 O-O 17.Qd3 Rac8 18.f5 Rfe8 19.fxe6 fxe6 20.Bh5 Re7 21.Rf1 
Qc5 22.Qg3 Kh8 23.Qh3 Kg8 24.Qg3 d4 25.Rxf6 dxc3 26.Bf3 cxb2 27.Rf1 Bxf3 
28.Qxf3 gxf6 29.Qxf6 Rce8 30.Rf3 b1=Q+ 0-1

[Event "26th EUR-ch"]
[Site "Katowice POL"]
[Date "2026.04.12"]
[Round "5.224"]
[White "Nguyen, Khoi"]
[Black "Vukazic, Zlatko"]
[Result "1-0"]
[WhiteElo "2037"]
[BlackElo "1744"]
[EventDate "2026.04.07"]
[PlyCount "88"]

1.d4 Nf6 2.c4 g6 3.Nc3 Bg7 4.e4 d6 5.Be2 O-O 6.Be3 e5 7.d5 a5 8.h4 h5 9.f3
Qd7 10.Nh3 c6 11.Na4 Qe7 12.Nb6 Ra6 13.c5 Rxb6 14.cxb6 cxd5 15.exd5 e4 16.
f4 Ng4 17.Bxg4 Bxg4 18.Qd2 Qxh4+ 19.Qf2 Qf6 20.Ng5 Qxb2 21.Qxb2 Bxb2 22.
Rb1 Bc3+ 23.Kf2 Nd7 24.Nxe4 Bb4 25.Rbc1 Re8 26.Rc4 Bf5 27.Ng3 Bd3 28.Rc7 
Nc5 29.Bd4 Ne4+ 30.Nxe4 Bxe4 31.Rxb7 Bxd5 32.Rc7 Rb8 33.Rhc1 Kf8 34.Rc8+ 
Rxc8 35.Rxc8+ Ke7 36.b7 Bxb7 37.Rc7+ Ke6 38.Rxb7 f6 39.Rb5 h4 40.Bb6 Bd2 
41.Kf3 a4 42.Ba5 Bc1 43.Rb1 Ba3 44.Bb4 Kd5 1-0

[Event "26th EUR-ch"]
[Site "Katowice POL"]
[Date "2026.04.12"]
[Round "5.225"]
[White "Krawczyk, Marcin"]
[Black "Pozimski, Szymon"]
[Result "0-1"]
[WhiteElo "1663"]
[BlackElo "2025"]
[EventDate "2026.04.07"]
[PlyCount "86"]

1.e4 c5 2.Nf3 Nc6 3.d4 cxd4 4.Nxd4 d5 5.Bb5 dxe4 6.O-O Bd7 7.Nxc6 bxc6 8.
Bc4 Nf6 9.Nc3 Qb6 10.Qe2 Bg4 11.Qd2 e6 12.Qf4 Qd4 13.Bb3 Bd6 14.Qg5 O-O 
15.Be3 Qe5 16.Qh4 Qh5 17.Bg5 Be5 18.Rfe1 Bxc3 19.bxc3 Qxh4 20.Bxh4 Bf5 21.
Ba4 Rfc8 22.Rab1 Nd5 23.Rb3 e3 24.c4 Nb6 25.Ra3 Nxa4 26.Rxa4 Bxc2 27.Rb4 
exf2+ 28.Bxf2 Rcb8 29.Bc5 a5 30.Rb6 Bd3 31.Rxc6 Bxc4 32.Bd6 Rc8 33.Rxc8+ 
Rxc8 34.a3 Bd5 35.Rb1 f6 36.Rb2 Kf7 37.Kf2 a4 38.Rd2 Rc4 39.Rb2 Kg6 40.Bf8
Kf5 41.Bxg7 Rg4 42.Rb4 Rxg2+ 43.Ke3 Rxg7 0-1

[Event "26th EUR-ch"]
[Site "Katowice POL"]
[Date "2026.04.12"]
[Round "5.226"]
[White "Lasok, Marek"]
[Black "Bialowas, Maria"]
[Result "1-0"]
[WhiteElo "2009"]
[BlackElo "1671"]
[EventDate "2026.04.07"]
[PlyCount "57"]

1.d4 Nf6 2.c4 g6 3.Nc3 Bg7 4.e4 d6 5.h3 O-O 6.Be3 Nbd7 7.Nf3 c5 8.d5 a6 9.
a4 Rb8 10.Bd3 Re8 11.O-O e6 12.Qd2 exd5 13.exd5 Nf8 14.Rfe1 Bd7 15.Bg5 Qc7
16.g4 h5 17.Bxf6 Bxf6 18.Ne4 Bg7 19.Qf4 hxg4 20.hxg4 Be5 21.Nxe5 Rxe5 22.
Kg2 f5 23.Rh1 Be8 24.gxf5 gxf5 25.Nf6+ Kf7 26.Ng4 Ke7 27.Qg5+ Kd7 28.Nxe5+
dxe5 29.Bxf5+ 1-0

[Event "26th EUR-ch"]
[Site "Katowice POL"]
[Date "2026.04.12"]
[Round "5.227"]
[White "Tendera, Jan"]
[Black "Golsta, Madara"]
[Result "0-1"]
[WhiteElo "1630"]
[BlackElo "2008"]
[EventDate "2026.04.07"]
[PlyCount "68"]

1.e4 d5 2.exd5 Qxd5 3.Nc3 Qa5 4.d4 c6 5.Nf3 Nf6 6.Be2 Bg4 7.Ne5 Bf5 8.Bd3 
Bxd3 9.Qxd3 Nbd7 10.Nxd7 Nxd7 11.Bf4 e6 12.O-O Be7 13.Ne4 O-O 14.Qg3 Kh8 
15.Bd6 Bxd6 16.Nxd6 Qb6 17.c3 Nf6 18.Nc4 Qd8 19.a4 Kg8 20.f4 c5 21.Rfd1 
Qc7 22.Ne5 Rad8 23.Qe3 Nd5 24.Qf2 f6 25.Nd3 c4 26.Nc5 Nxf4 27.Nxb7 Rd5 28.
Nc5 Rg5 29.Qe3 Rxg2+ 30.Kh1 Re2 31.Qf3 Rxb2 32.Rab1 Rfb8 33.Na6 Qb7 34.
Rxb2 Qxf3+ 0-1

[Event "26th EUR-ch"]
[Site "Katowice POL"]
[Date "2026.04.12"]
[Round "5.230"]
[White "Pyrek, Marcin"]
[Black "Tashkinova, Sofiia"]
[Result "0-1"]
[WhiteElo "1855"]
[BlackElo "2105"]
[EventDate "2026.04.07"]
[PlyCount "58"]

1.d4 Nf6 2.c4 e6 3.Nf3 d5 4.Nc3 Nbd7 5.cxd5 exd5 6.Bg5 h6 7.Bh4 Bb4 8.Qc2 
c6 9.e3 O-O 10.Bd3 Re8 11.O-O Bd6 12.Rab1 Nf8 13.b4 a6 14.a4 Bg4 15.Nd2 
Rc8 16.b5 cxb5 17.Bxf6 Qxf6 18.axb5 Qg5 19.Rfe1 a5 20.Qb2 Qh5 21.g3 Ne6 
22.Bf1 Bb4 23.Rec1 Ng5 24.Bg2 Nh3+ 25.Kf1 Qf5 26.Bxh3 Qd3+ 27.Kg2 Bxh3+ 
28.Kxh3 Bxc3 29.Qb3 Qf5+ 0-1

[Event "26th EUR-ch"]
[Site "Katowice POL"]
[Date "2026.04.12"]
[Round "5.231"]
[White "Wojtowicz, Marek"]
[Black "Varney, Zoe"]
[Result "1-0"]
[WhiteElo "1836"]
[BlackElo "1988"]
[EventDate "2026.04.07"]
[PlyCount "139"]

1.e4 e5 2.f4 Bc5 3.Qh5 Nc6 4.fxe5 Nd4 5.Bd3 g6 6.Qd1 Qg5 7.g3 Qxe5 8.c3 
Nc6 9.Nf3 Qe7 10.Qe2 d6 11.Bc2 Bg4 12.h3 Bd7 13.d4 Bb6 14.Na3 a6 15.Nc4 
Ba7 16.a4 Nf6 17.g4 O-O-O 18.Bg5 h6 19.Bxf6 Qxf6 20.O-O-O Rde8 21.Qd3 h5 
22.g5 Qf4+ 23.Kb1 Rhf8 24.Rdf1 f6 25.Nfe5 Qxg5 26.Rhg1 Qh6 27.Rxg6 Qh8 28.
Nxd7 Kxd7 29.Qf3 Ke7 30.Ne3 Rf7 31.Bb3 Rff8 32.Nd5+ Kd8 33.Nxf6 Ne7 34.Rg5
c5 35.Qf4 Bb8 36.dxc5 Nc6 37.cxd6 Qh6 38.e5 Rxe5 39.Rxe5 Qxf4 40.Rxf4 Nxe5
41.Nxh5 Rh8 42.Bd1 Bxd6 43.Rd4 Kc7 44.Bg4 Nxg4 45.hxg4 Be5 46.Rc4+ Kd6 47.
Nf4 Rh2 48.Nd3 Bg7 49.Rb4 Kc6 50.a5 Rg2 51.Rb6+ Kc7 52.Rg6 Bf8 53.Nf4 Rg1+
54.Ka2 Bd6 55.Ne2 Rg2 56.Nd4 Be5 57.Ne6+ Kd7 58.Kb3 Bd6 59.Nd4 Bc7 60.Rg5 
Bf4 61.Rg7+ Kc8 62.Ne6 Bc1 63.Rg8+ Kd7 64.Nc5+ Kc7 65.Nd3 Be3 66.Kc4 Rd2 
67.b3 Rc2 68.Nb4 Re2 69.Nd5+ Kc6 70.Re8 1-0

[Event "26th EUR-ch"]
[Site "Katowice POL"]
[Date "2026.04.12"]
[Round "5.232"]
[White "Rudowski, Szymon"]
[Black "Pousada Garcia, Victor Daniel"]
[Result "0-1"]
[WhiteElo "1809"]
[BlackElo "1984"]
[EventDate "2026.04.07"]
[PlyCount "64"]

1.e4 c5 2.Nf3 a6 3.c3 e6 4.d4 cxd4 5.cxd4 Nf6 6.Bd3 b5 7.O-O Bb7 8.Qe2 Be7
9.a4 bxa4 10.Rxa4 d6 11.Nc3 O-O 12.h3 Qd7 13.Bf4 Rc8 14.Rfa1 Qe8 15.Bh2 
Bf8 16.e5 dxe5 17.dxe5 Nfd7 18.Bxh7+ Kxh7 19.Ng5+ Kg8 20.Qh5 Bc5 21.Nce4 
Bxe4 22.Rxe4 Nf8 23.Qf3 Nc6 24.Rg4 Nd4 25.Qd3 Nf5 26.Ne4 Ng6 27.Rg5 Qb5 
28.Qf3 Be7 29.Rh5 Qxb2 30.Rf1 Rab8 31.g4 Nfh4 32.Qd3 Rc1 0-1

[Event "26th EUR-ch"]
[Site "Katowice POL"]
[Date "2026.04.12"]
[Round "5.233"]
[White "Hrckova, Anna"]
[Black "Hlavacek, Pavel"]
[Result "1/2-1/2"]
[WhiteElo "1778"]
[BlackElo "1982"]
[EventDate "2026.04.07"]
[PlyCount "90"]

1.e4 c5 2.c3 d5 3.exd5 Qxd5 4.d4 Nf6 5.Nf3 Bg4 6.Be2 e6 7.O-O Nc6 8.h3 Bh5
9.Be3 cxd4 10.cxd4 Be7 11.Nc3 Qd6 12.Qd2 O-O 13.Rfd1 Nd5 14.Rac1 Rfd8 15.
a3 Rac8 16.Ne4 Qb8 17.Ng3 Bg6 18.Bb5 Nxe3 19.Qxe3 Bd6 20.Ne2 Ne7 21.Rxc8 
Rxc8 22.Nc3 Bf4 23.Qe2 Rd8 24.Bc4 Bc7 25.Re1 Qc8 26.Ng5 Kh8 27.Qf3 Rf8 28.
Qe2 Qd7 29.Bxe6 Qd6 30.g3 h6 31.Nb5 Qd8 32.Bxf7 Bxf7 33.Qxe7 hxg5 34.Qxc7 
Qd5 35.Qc5 Rd8 36.Re5 Qxc5 37.dxc5 Rd1+ 38.Kh2 Bd5 39.f3 Rd2+ 40.Kg1 Bxf3 
41.b4 Rg2+ 42.Kf1 Rxg3 43.Nd6 Kh7 44.Kf2 Rxh3 45.Rxg5 a6 1/2-1/2

[Event "26th EUR-ch"]
[Site "Katowice POL"]
[Date "2026.04.12"]
[Round "5.234"]
[White "Smolin, Sergey"]
[Black "Babinska, Liwia"]
[Result "0-1"]
[WhiteElo "1962"]
[BlackElo "1763"]
[EventDate "2026.04.07"]
[PlyCount "80"]

1.e4 c6 2.d4 d5 3.exd5 cxd5 4.c3 Bf5 5.Qb3 Qd7 6.Nf3 Nc6 7.Bf4 h5 8.Nbd2 
f6 9.Bb5 e6 10.O-O g5 11.Be3 h4 12.Ne1 Bd6 13.c4 Nge7 14.f4 g4 15.c5 Bc7 
16.Qd1 a6 17.Be2 Kf7 18.a3 Rag8 19.b4 Qd8 20.Nb3 Qb8 21.Bd3 Bxd3 22.Qxd3 
Nf5 23.Nc2 Nce7 24.Rae1 Ng6 25.Qd2 Nxe3 26.Qxe3 Re8 27.g3 hxg3 28.hxg3 Rh3
29.Re2 Nxf4 30.Rxf4 Bxf4 31.Qxf4 Qxf4 32.gxf4 Rxb3 33.a4 Rh8 34.f5 Rg3+ 
35.Kf2 Rf3+ 36.Kg2 Rxf5 37.b5 axb5 38.axb5 Rfh5 39.Kg3 Rh3+ 40.Kxg4 R8h4# 
0-1

[Event "26th EUR-ch"]
[Site "Katowice POL"]
[Date "2026.04.12"]
[Round "5.235"]
[White "Stawecki, Bartlomiej"]
[Black "Tyshniuk, Roman"]
[Result "0-1"]
[WhiteElo "1776"]
[BlackElo "1931"]
[EventDate "2026.04.07"]
[PlyCount "54"]

1.e4 c5 2.Nf3 e6 3.d4 cxd4 4.Nxd4 Nf6 5.Nc3 Nc6 6.Ndb5 Bc5 7.Nd6+ Ke7 8.
Bf4 e5 9.Nf5+ Kf8 10.Bg5 d6 11.Qf3 Bxf5 12.exf5 Nd4 13.Qd3 Qd7 14.Bxf6 
gxf6 15.g4 Qc6 16.Ne4 Bb6 17.c3 d5 18.cxd4 dxe4 19.Qa3+ Kg7 20.g5 exd4 21.
Rg1 d3 22.Qe7 Ba5+ 23.b4 Qc3+ 24.Kd1 Qc2+ 25.Ke1 d2+ 26.Ke2 d1=Q+ 27.Ke3 
Qdd2# 0-1